[Event "Braunfels SM 2025"]
[Site "?"]
[Date "2025.03.21"]
[Round "4"]
[Board "6"]
[White "Zalewski, Ulrich"]
[Black "Wüst, Klaus"]
[Result "0-1"]
[WhiteElo "1747"]
[BlackElo "1867"]
[PlyCount "70"]
[GameId "528332670813"]
[SourceVersionDate "2025.02.08"]

{[%evp 11,70,9,13,-10,-2,-8,-10,-24,1,-4,-7,0,0,-24,-10,-91,-26,-23,-22,-38,-31,-21,-15,-26,-22,-52,-16,-25,-17,-12,-18,-94,-94,-94,-92,-91,-88,-104,-107,-188,-112,-154,-155,-182,-154,-148,-184,-196,-168,-379,-475,-425,-429,-481,-570,-1593,-1831,-1302,-559,-943,-622]} 1. e4 c6 2. d4 d5 3. exd5 cxd5 4. Bd3 Nc6 5. c3 Qc7 6. Nf3 Bg4 7. Be3 {B13: Caro-Kann (Abtausch-Variante 4.c4).} Nf6 8. Nbd2 e6 9. h3 {Die Stellung ist ausgeglichen.} Bh5 10. Qc2 Bd6 11. Rc1 $146 (11. O-O O-O 12. Rfe1 Rab8 13. Bg5 Bg6 14. Bxg6 hxg6 15. c4 Nb4 16. Qb3 dxc4 17. Nxc4 {0-1 Velychko,S (1734)-Petroff,V (2021) EU-chT U12 Rhodes 2024 (4)}) 11... O-O 12. Qb1 Rac8 {[%cal Oc6b4]} 13. Ng5 {[%eval -91,18]} (13. O-O $11 {[%eval -10,17]}) 13... Bg6 {[%eval -26,18]} (13... h6 $17 {[%eval -91,18]} 14. Ngf3 Nb4) 14. Bxg6 $11 hxg6 15. Ngf3 (15. O-O {ist vielschichtiger.} Bh2+ 16. Kh1 Bf4 17. Qd3) 15... Ne7 16. O-O b5 17. Rfe1 Nf5 18. Nf1 Be7 {[%eval -16,17]} (18... Rfe8 $15 {[%eval -52,16]}) 19. Qd3 a6 20. Bg5 Bd6 21. Ne3 {[%eval -94,18]} (21. N1d2 $11 {[%eval -18,18] hält das Gleichgewicht.}) 21... Ne4 $17 22. Nxf5 gxf5 23. Be3 f6 {[%csl Oe4] Schwarz steht aktiver. Starkes Feld Schwarz (e4)} 24. Re2 Kf7 25. Rce1 {[%eval -188,17]} (25. b3 $17 {[%eval -107,15]}) 25... Rg8 {[%eval -112,16]} (25... Rh8 $19 {[%eval -188,17]} 26. Nd2 g5) 26. Bc1 {[%eval -154,15]} ({Vorzuziehen ist} 26. Nd2 {[%eval -112,16]}) 26... g5 27. Nd2 Rce8 28. Nxe4 fxe4 ({Auf keinen Fall} 28... dxe4 29. Qd1) 29. Qd1 Rh8 30. f3 $2 {[%eval -379,15]} (30. Rc2 {[%eval -168,18]}) 30... exf3 $19 {[%mdl 64] [#] Überlastung} 31. gxf3 {Schwarz steht klar auf Gewinn.} Rxh3 32. Rg2 Bg3 {[%cal Oe8h8] Und ...Teh8! würde nun gewinnen.} 33. Re3 Reh8 {[%csl Gh8][%cal Rh3h1]} 34. Kf1 Bf4 {[%eval -559,18]} (34... Rh1+ $142 {[%eval -1302,16]} 35. Ke2 Rxd1 36. Kxd1 Rh1+ 37. Kc2 Qc4 (37... Bf4 $2 38. Rge2 $19)) 35. Re1 {Gewichteter Fehlerwert: Weiß=0.45/Schwarz=0.38} Bxc1 {Fehler:       	Weiß=5     	Schwarz=3     Ungenau:       	Weiß=2     	---        OK:         	Weiß=6     	Schwarz=9     Bester:       	Weiß=3     	Schwarz=1} 0-1

[Event "Braunfels SM 2025"]
[Site "?"]
[Date "2025.03.21"]
[Round "4"]
[Board "7"]
[White "Kriesch, Achim"]
[Black "Risius, Jörg"]
[Result "1-0"]
[WhiteElo "1798"]
[BlackElo "1288"]
[PlyCount "97"]
[GameId "528331751164"]
[SourceVersionDate "2025.02.08"]

{[%evp 17,97,4,3,-14,-5,-25,-20,-23,-24,-19,-18,-22,10,-56,-44,-32,-32,-75,-54,-50,-49,-52,-31,-31,42,46,47,49,75,79,84,97,100,100,132,130,106,85,46,49,62,56,98,93,342,349,338,346,353,382,469,419,469,373,387,396,489,475,717,717,608,576,415,602,565,637,570,688,699,679,676,613,751,647,710,695,791,798,988,951,1058,1228]} 1. d4 Nf6 2. Nf3 e6 3. c3 d5 4. Bg5 Be7 5. e3 O-O 6. Bd3 Nbd7 7. Nbd2 c5 8. O-O b6 9. Rc1 Bb7 10. Bb1 {D03: Damenbauernspiele.} h6 11. Bh4 Ne4 12. Bxe7 {Die Stellung ist ausgeglichen.} Qxe7 13. Nxe4 (13. Qe2 {wäre vielleicht verwirrender.} e5 14. dxe5 Nxe5 15. Nxe5 Nxd2 16. Ng6) 13... dxe4 14. Nd2 Nf6 15. Qc2 $146 {[%eval -56,17]} (15. f3 $11 {[%eval 10,17]}) (15. Qa4 Rfd8 16. Rfd1 Qd7 17. Qxd7 Rxd7 18. b4 Rc8 19. bxc5 bxc5 20. Nb3 c4 21. Nc5 {½-½ Sindermann,E (1771)-Te Sligte,B (1817) Muensterland Verbandsklasse-B 0506 Germany 2005 (8.5)}) 15... e5 16. dxc5 Qxc5 17. b4 {[%eval -75,18]} (17. Qa4 $15 {[%eval -32,18] kam in Betracht.}) 17... Qc6 18. c4 Rac8 19. Qb2 Rfe8 20. c5 b5 {[%eval 42,17]} (20... Qd7 $15 {[%eval -31,17]}) 21. Nb3 Qe6 22. Na5 Ba8 23. Rfd1 Bd5 {[#]} 24. a4 $1 a6 (24... bxa4 25. Bc2) 25. axb5 axb5 26. Qe2 Rb8 27. c6 Rec8 28. c7 {Weiß spielt am Damenflügel und steht besser} Rb6 29. Rc5 $36 {[%cal Oe2d2][%mdl 2048] Und jetzt Dd2! wäre schön. Weiss steht aktiver.} Qd7 {[%eval 98,19]} (29... Rd6 $1 $14 {[%eval 56,19]}) 30. Ba2 {[%cal Ra2d5] Weiß steht deutlich aktiver.} {Das kostet Schwarz die Partie.} Rxc7 $2 {[%eval 342,19]} 31. Rxc7 (31. Rdxd5 $2 Nxd5 32. Bxd5 Rxc5 33. bxc5 Ra6 $19) 31... Qxc7 32. Bxd5 Nxd5 33. Rxd5 Rd6 34. Rxd6 (34. Qxb5 $2 {geht unter.} Rxd5 (34... Qc1+ $2 35. Qf1 $19) 35. Qe8+ Kh7 $19) 34... Qxd6 35. Qe1 Qd5 36. h3 g5 37. Qc1 f5 {[%eval 717,16]} (37... Qd6 $142 {[%eval 475,20]} 38. Qc3 (38. Qc8+ Kg7 $18) 38... Kg7) 38. Qc8+ $18 Kg7 39. Qb7+ Qxb7 40. Nxb7 {[%mdl 4096] Endspiel KS-KB} Kf6 {Weiß steht klar auf Gewinn.} 41. Nd6 Ke6 42. Nxb5 Kd5 43. Nc3+ Kc4 {[#]} 44. b5 $1 Kc5 45. Kf1 h5 {[%cal Bh6h5,Bh5g4][%mdl 32]} 46. Ke2 g4 47. hxg4 hxg4 48. g3 Kb6 {Gewichteter Fehlerwert: Weiß=0.11 (sehr präzise) /Schwarz=0.35} 49. Kd2 {Verlustzug:     	---       	Schwarz=1     Fehler:       	Weiß=2     	Schwarz=3     Ungenau:       	---       	Schwarz=3     OK:         	Weiß=15    	Schwarz=4     Bester:       	Weiß=1     	Schwarz=1} 1-0

[Event "Braunfels SM 2025"]
[Site "?"]
[Date "2025.04.04"]
[Round "4"]
[Board "8"]
[White "Henzelmann, Matthias"]
[Black "van der Riet, Ernst"]
[Result "1/2-1/2"]
[WhiteElo "1568"]
[BlackElo "1785"]
[PlyCount "39"]
[GameId "528327813672"]
[SourceVersionDate "2025.02.08"]

{[%evp 16,39,-8,-4,43,10,74,63,92,25,35,0,54,-3,-5,0,21,-6,0,-25,11,-42,-50,-54,-38,-57]} 1. d4 Nf6 2. c4 c5 3. Nf3 g6 4. Nc3 cxd4 5. Nxd4 Bg7 6. e4 d6 7. g3 O-O 8. Bg2 a6 9. O-O Qc7 {[%eval 43,18] E65: Königsindisch (Jugoslawische Variante).} (9... Nc6 $11 {[%eval -4,19]}) 10. b3 e5 $146 {[%eval 74,18]} (10... Nc6 $11 {[%eval 10,18]}) (10... Nc6 11. Be3 Ng4 12. Nd5 Qd8 13. Qd2 Nxe3 14. fxe3 e6 15. Nc3 Bd7 16. Rad1 Qg5 17. Nce2 {1-0 Timofeev,A (2567)-Srinath,R (2284) Titled Tuesday intern op 04th Apr Late Chess.com INT blitz 2023 (6)}) 11. Nde2 Nbd7 {Weiß steht etwas besser.} 12. Ba3 {[%eval 25,19]} (12. Be3 $16 {[%eval 92,19]}) 12... Nc5 $11 13. Rc1 b6 {[%eval 54,19]} (13... Qa5 $11 {[%eval 0,19]} 14. Bxc5 dxc5) 14. Nd5 {[%eval -3,18]} (14. b4 $14 {[%eval 54,19]} Ne6 15. Nd5) 14... Nxd5 15. cxd5 {[#] b4 wäre nun fies.} Qd8 16. Qd2 a5 17. f3 Qd7 {[%eval 11,18]} (17... Ba6 {[%eval -25,17] ist überlegen.}) 18. Bxc5 {[%eval -42,17]} ({Günstiger ist} 18. Nc3 $11 {[%eval 11,18]}) 18... bxc5 $15 19. Nc3 Qb7 {Gewichteter Fehlerwert: Weiß=0.36/Schwarz=0.30} 20. Na4 {Fehler:       	Weiß=3     	Schwarz=3     Ungenau:       	Weiß=3     	Schwarz=1     OK:         	Weiß=1     	Schwarz=1     Bester:       	---       	Schwarz=2} 1/2-1/2

[Event "Braunfels SM 2025"]
[Site "?"]
[Date "2025.03.26"]
[Round "4"]
[Board "9"]
[White "Maier, Dietrich"]
[Black "Darsania, Badri"]
[Result "0-1"]
[WhiteElo "1215"]
[BlackElo "1902"]
[PlyCount "76"]
[GameId "528327813992"]
[SourceVersionDate "2025.02.08"]

{[%evp 9,76,34,41,38,38,-59,-41,-46,16,10,3,-205,-236,-231,-210,-213,-102,-121,-103,-115,-78,-132,-111,-173,-123,-146,-149,-154,-150,-158,-154,-170,-162,-222,-157,-180,-150,-142,-145,-322,-240,-235,-162,-197,-174,-185,-118,-115,-111,-130,-141,-283,-274,-318,-307,-346,-354,-360,-398,-383,-389,-439,-433,-774,-775,-788,-768,-868,-845]} 1. e4 c5 2. c3 {[%cal Bc2c3,Bc3d4,Bd4d5][%mdl 32]} e6 3. d4 cxd4 4. cxd4 d6 5. d5 Nf6 6. Nc3 {B22: Sizilianisch (Alapin 2.c3).} Be7 7. f4 $146 {[%eval -59,18]} (7. Bc4 $14 {[%eval 38,17]}) (7. dxe6 fxe6 8. Nf3 Nc6 9. Bb5 a6 10. Bxc6+ bxc6 11. e5 Nd5 12. exd6 Nxc3 13. bxc3 Qxd6 14. Qxd6 Bxd6 {1-0 Krajicek,M (1759)-Kucera,P (1534) Zlin Region-chT 2324 Czech Republic 2023 (2.6)}) 7... O-O 8. Nf3 {Schwarz steht etwas besser.} Re8 {[%eval 16,17]} (8... exd5 $15 {[%eval -46,16]} 9. exd5 Re8) 9. Bb5 $11 Bd7 10. Be3 $2 {[%eval -205,15]} (10. dxe6 $11 {[%eval 3,17] und Weiss ist OK.} fxe6 11. Bd3) 10... Bxb5 $19 11. Nxb5 Qa5+ (11... Nxe4 12. Qa4 Nf6 (12... exd5 13. Nc7 $11 {[%csl Oa8,Od5,Oe8][%mdl 64] Doppelangriff}) 13. dxe6 fxe6 14. O-O $15) 12. Nc3 {[%cal Bb5c3,Bc3e4,Be4g5][%mdl 32] [#]} Nxe4 {[%eval -102,18]} (12... exd5 $1 $19 {[%eval -213,16]} 13. Qb3 dxe4 (13... Nxe4 14. O-O $17)) 13. Bd2 Nxd2 (13... exd5 $6 14. Nxe4 Qa6 15. Ng3 Bd8+ 16. Ne2 $11) 14. Qxd2 Bf6 {[%eval -78,18]} (14... Nd7 $142 {[%eval -115,17]} 15. dxe6 fxe6) 15. O-O {[%eval -132,19]} (15. Ne4 $142 {[%eval -78,18]} Qxd2+ (15... Qxd5 16. Nxf6+ gxf6 17. Qxd5 $17) 16. Kxd2) 15... Nd7 16. Rab1 {[%eval -173,17]} (16. dxe6 $17 {[%eval -111,17]} Rxe6 17. Rf2) 16... Rac8 {[%eval -123,17]} ({Günstiger ist} 16... Bxc3 $19 {[%eval -173,17]} 17. bxc3 Qc7 (17... exd5 $2 18. Nd4 $19) (17... Qxd5 18. Qxd5 exd5 19. Rxb7 $17)) 17. Ne4 Qxd2 (17... Qxa2 18. Nxd6 exd5 19. Rbd1 $16) (17... Qxd5 18. Qxd5 exd5 19. Nxd6 $16) 18. Nfxd2 {Ein dynamisches Springerpaar.} Be7 ({Nicht} 18... exd5 19. Nxd6 Bd4+ 20. Kh1 $16) 19. dxe6 fxe6 {[%cal Bf7e6,Be6e5,Be5e4][%mdl 32]} 20. Nf3 d5 21. Neg5 {[%eval -222,19]} (21. Nc3 $142 {[%eval -162,17]}) 21... Bf6 22. Rfe1 Rc6 23. f5 {[%cal Re1e6]} e5 24. h4 $2 {[%eval -322,19]} (24. Rbd1 $17 {[%eval -145,20]}) 24... h6 25. Ne6 g6 26. Ned4 Rcc8 27. Nb5 gxf5 {[%eval -118,20]} (27... Be7 $19 {[%eval -185,18]} 28. fxg6 Bc5+ 29. Kh1 e4) 28. Nd6 $17 {[%cal Ob1d1] [#]} e4 $1 29. Nxe8 (29. Rbd1 Nb6) 29... Rxe8 30. g3 {[%eval -283,18]} (30. Rbd1 $17 {[%eval -141,18]} Ne5 (30... Bxb2 31. Rxd5 Nf6 32. Rb5 $17) 31. Nxe5 Rxe5 32. g3) 30... Kf7 $19 {[%cal Oe8g8]} 31. Nd2 Be5 32. Kg2 Rg8 33. Nf1 f4 34. Kh3 fxg3 35. Ne3 Nf6 {[%cal Og3g2] Schwarz steht klar auf Gewinn.} 36. Nf5 {[%eval -774,20]} (36. Kg2 $142 {[%eval -433,21]}) 36... Ke6 {...Sh5 wäre nun fies.} 37. Nxh6 Rg6 38. Rg1 {Gewichteter Fehlerwert: Weiß=0.60/Schwarz=0.26 (präzise)} Rxh6 {Verlustzug:     	Weiß=2     	---        Fehler:       	Weiß=6     	Schwarz=5     Ungenau:       	---       	Schwarz=1     OK:         	Weiß=6     	Schwarz=14    Bester:       	Weiß=2     	Schwarz=1} 0-1

[Event "Braunfels SM 2025"]
[Site "?"]
[Date "2025.03.21"]
[Round "4"]
[Board "13"]
[White "Kühn, Thomas"]
[Black "Hilgert, Günter"]
[Result "1-0"]
[WhiteElo "1589"]
[BlackElo "883"]
[PlyCount "61"]
[GameId "528327813472"]
[SourceVersionDate "2025.02.08"]

{[%evp 9,61,15,47,36,83,64,89,59,228,183,255,247,258,127,128,123,134,23,25,62,16,15,88,81,88,87,126,41,65,70,56,8,2,-4,8,29,0,0,441,467,457,456,476,465,474,470,515,478,481,479,572,593,599,590]} 1. f4 e5 2. e4 exf4 3. Nf3 d6 4. Bc4 Nf6 5. Nc3 Be6 6. Bxe6 {C34: Königsspringer-Gambit.} fxe6 7. d4 Nh5 8. O-O {Weiß steht besser.} h6 $146 {[%eval 228,19]} (8... g6 $1 $14 {[%eval 59,16]}) (8... g6 9. Qe2 Bg7 10. Qb5+ Qd7 11. Qxb7 Qc6 12. Qb3 Kd7 13. Kh1 h6 14. d5 exd5 15. Nxd5 {1-0 Fernandez Siles,L (2218)-Zochowski,K (2252) Titled Tuesday intern op 04th Jul Early Chess.com INT blitz 2023 (1)}) 9. Ne5 dxe5 {[%eval 255,16]} (9... Ng3 $142 {[%eval 183,18]}) 10. Qxh5+ $18 Kd7 11. dxe5 {[%eval 127,19]} (11. Qxe5 $18 {[%eval 258,16] ist viel giftiger.} Nc6 12. Qxf4) 11... Bc5+ $16 12. Kh1 {[#] Droht Td1+ und aus.} Qe8 13. Rd1+ {[%eval 23,20] Eine scharfe Eröffnung} (13. Qxe8+ Kxe8 14. Bxf4 (14. Rxf4 Nc6 $15) 14... a6 $16) (13. Qh3 $16 {[%eval 134,18]}) 13... Kc8 $1 $11 14. Qxe8+ Rxe8 15. Bxf4 Nd7 {[%eval 88,19]} (15... Nc6 $11 {[%eval 15,19]}) 16. Rd3 $16 {Weiß steht aktiver.} Rf8 17. Bg3 Bf2 {[%eval 126,20]} (17... c6 $142 {[%eval 87,20]}) 18. Bxf2 {[%eval 41,19]} (18. Rf1 $16 {[%eval 126,20]} Bc5 19. Rxf8+ Bxf8 20. Nb5) 18... Rxf2 $14 19. Rad1 Rf7 {[%cal Ob7b6]} 20. Ne2 {[%eval 8,20] R} (20. Rf3 $1 $14 {[%eval 56,20] scheint genauer.} Re7 21. Rdf1) 20... b6 $1 $11 {[#]} 21. Nf4 $1 $36 {[%mdl 2112] Ablenkung. Weiss kämpft um Vorteil.} Nxe5 22. Rd8+ (22. Nxe6 $2 {verliert.} Nxd3 23. cxd3 Kd7 $19) 22... Kb7 23. Nxe6 Rxd8 {[%eval 441,16][%mdl 8192]} (23... Re7 $11 {[%eval 0,22] und Schwarz ist OK.} 24. Rxa8 Kxa8) 24. Nxd8+ $18 {Weiß steht klar auf Gewinn.} Kc8 25. Nxf7 Nxf7 {[%mdl 4096] Endspiel KT-KS} 26. Kg1 Ne5 27. h3 Nc6 28. c3 Ne5 29. Kf2 Nc4 30. b3 Ne5 {Gewichteter Fehlerwert: Weiß=0.32/Schwarz=0.62} 31. Ke3 {Verlustzug:     	---       	Schwarz=2     Fehler:       	Weiß=4     	Schwarz=3     Ungenau:       	Weiß=1     	Schwarz=1     OK:         	Weiß=10    	Schwarz=9     Bester:       	Weiß=4     	Schwarz=1     Stark:        	---       	Schwarz=1} 1-0